01347nam a2200337 a 450000100060000000300080000600500170001400600190003100700150005000800410006502000170010603500230012303500240014603500250017003500210019504000260021605000210024208000110026308200120027410000210028624500930030726000790040030000120047950001970049153301640068865100250085265100240087765500270090171000190092885600620094784764FlNmELB20241217171333.0m o d | cr cn|||||||||201010r2000 ag |||||s|||||||||||spa d z950511646212 a(MiAaPQ)EBC3158925 a(Au-PeEL)EBL3158925 a(CaPaEBR)ebr10063266 a(OCoLC)929017531 aFlNmELBbspacFlNmELB 4aF2831bB268 2000 a94(82)04a9822221 aBarrancos, Dora.10aInferioridad jurídica y encierro domésticoh[recurso electronico] /cDora Barrancos. aBuenos Aires, Argentina :bAguilar :bAltea :bTaurus :bAlfaguara,c2000. a4-21 p. aEste texto forma parte de la obra Historia de las mujeres en la Argentina, tomo I: Colonia y siglo XIX, bajo la dirección de Fernanda Gil Lozano, Valeria Silvina Pita y María Gabriela Ini. aRecurso electrónico. Santa Fe, Arg.: e-libro, 2015. Disponible vía World Wide Web. El acceso puede estar limitado para las bibliotecas afiliadas a e-libro. 4aArgentinaxHistoria. 4aArgentinaxHistory. 4aLibros electrónicos.2 ae-libro, Corp.40uhttps://elibro.net/ereader/politecnicointernacional/26992